El decamerón / [por] Giovanni Boccaccio ; tr. por Juan G. de Luaces ; con diez ilustraciones de Ballestar

Guardat en:
Dades bibliogràfiques
Autor principal: Boccaccio, Giovanni (autor)
Format: Llibre
Matèries:
Etiquetes: Afegir etiqueta
Sense etiquetes, Sigues el primer a etiquetar aquest registre!

MARC

LEADER 00000nam^a2200000^u^4500
001 000536118
005 20250521000000.0
008 060220s1000^^^^^^^^^^^^r^^^^^000^0^spa^d
009 20260310131030.416
035 |a FMI 000001881 
037 |a Acervo Xavier Clavigero 
096 |a 9.1.1/47/B 
100 |a Boccaccio, Giovanni  |e (autor) 
245 1 3 |a El decamerón / [por] Giovanni Boccaccio ; tr. por Juan G. de Luaces ; con diez ilustraciones de Ballestar 
264 |a Barcelona : Plaza-Janés, 1964 
300 |a 672 p. : il. 
336 |a texto  |b txt  |2 rdacontenido 
337 |a sin mediación  |b n  |2 rdamedio 
338 |a volumen  |b nc  |2 rdasoporte 
597 |a Trad. del italiano ("Il decamerone"). 
649 |a XX 
650 |a NOVELA 
910 |a Fondo Francisco Migoya Covarrubias S.J. 
920 |a Impresos - Libros 
930 |a Fondos Especiales 
905 |a 134 
901 |a SBC07554  |b IT2  |c ESP  |u 20250521 
902 |a https://opac.biblio.iteso.mx/vufind/Record/000536118